[Event "Dortmund Sparkassen op-B 47th"]
[Site "Dortmund"]
[Date "2019.07.19"]
[Round "7"]
[White "Emeljanov, Anatolij"]
[Black "Krams, Amatus"]
[Result "1/2-1/2"]
[WhiteElo "1793"]
[BlackElo "1671"]
[PlyCount "50"]
[EventDate "2019.07.13"]
[EventType "swiss"]
[EventRounds "9"]
[EventCountry "GER"]
[SourceTitle "CBM 192 Extra"]
[Source "Chessbase"]
[SourceDate "2019.11.06"]
[SourceVersion "1"]
[SourceVersionDate "2019.11.06"]
[SourceQuality "1"]

1. e4 e5 2. Nf3 Nc6 3. Nc3 Nf6 4. Bb5 d6 5. d4 exd4 6. Nxd4 Bd7 7. Bxc6 bxc6 8. 0-0 Be7 9. b3 0-0 10. Bb2 c5 11. Nde2 Rb8 12. Ng3 a5 13. f4 a4 14. e5 dxe5 15. fxe5 Ng4 16. Qe2 axb3 17. axb3 Be6 18. Rad1 Qc8 19. h3 Nh6 20. Nd5 Bxd5 21. Rxd5 Qe6 22. Rfd1 c6 23. Rd7 Rfd8 24. Rxd8+ Rxd8 25. Rxd8+ Bxd8 1/2-1/2

[Event "Dortmund Sparkassen op-B 47th"]
[Site "Dortmund"]
[Date "2019.07.18"]
[Round "6"]
[White "Krams, Amatus"]
[Black "Maniocha, Marek"]
[Result "1-0"]
[WhiteElo "1671"]
[BlackElo "1834"]
[PlyCount "93"]
[EventDate "2019.07.13"]
[EventType "swiss"]
[EventRounds "9"]
[EventCountry "GER"]
[SourceTitle "CBM 192 Extra"]
[Source "Chessbase"]
[SourceDate "2019.11.06"]
[SourceVersion "1"]
[SourceVersionDate "2019.11.06"]
[SourceQuality "1"]

1. e4 c5 2. Nc3 Nc6 3. f4 d6 4. Nf3 Nf6 5. Bb5 a6 6. Bxc6+ bxc6 7. 0-0 g6 8. d3 Bg7 9. h3 0-0 10. Nh2 e6 11. Qf3 Nd7 12. g4 f6 13. Bd2 Rb8 14. Rab1 d5 15. Ne2 Nb6 16. Ba5 Qe7 17. Qf2 Nd7 18. Qg3 c4 19. Bc3 cxd3 20. cxd3 Rb5 21. Rfc1 c5 22. Re1 Bb7 23. a4 Rb6 24. Ba5 Rd6 25. exd5 Rxd5 26. Nc3 Rd4 27. Qe3 e5 28. Nf3 Rxf4 29. Qxf4 Qd6 30. Qe3 Qc6 31. Rf1 f5 32. gxf5 Rxf5 33. Qe4 Qc8 34. Qc4+ Kh8 35. Ne4 Qf8 36. Nfg5 h6 37. Nf7+ Kh7 38. Rxf5 gxf5 39. Ned6 Qa8 40. Nxb7 Qxb7 41. Rf1 Nb6 42. Qe6 Nxa4 43. Qxf5+ Kg8 44. Qg6 Qd5 45. Nxh6+ Kh8 46. Rf8+ Bxf8 47. Nf7+ 1-0

[Event "Dortmund Sparkassen op-B 47th"]
[Site "Dortmund"]
[Date "2019.07.14"]
[Round "2"]
[White "Schacht, Juergen"]
[Black "Krams, Amatus"]
[Result "0-1"]
[WhiteElo "1533"]
[BlackElo "1671"]
[PlyCount "20"]
[EventDate "2019.07.13"]
[EventType "swiss"]
[EventRounds "9"]
[EventCountry "GER"]
[SourceTitle "CBM 192 Extra"]
[Source "Chessbase"]
[SourceDate "2019.11.06"]
[SourceVersion "1"]
[SourceVersionDate "2019.11.06"]
[SourceQuality "1"]

1. Nf3 Nf6 2. g3 c5 3. d4 cxd4 4. Nxd4 e6 5. Bg2 Bc5 6. 0-0 0-0 7. e3 d5 8. b3 a6 9. Bb2 Qc7 10. f4 e5 0-1